000 00301cam a22001217a 4500
008 180718b1985 xxu||||| |||| 00| 0 eng d
082 _aN4x54 Se55
100 _aSen, Sankar
245 _aPolice today
_cby Sankar Sen
260 _aNew Delhi
_bAshish
_c1985
300 _a195p.
650 _aPolice - India
999 _c354077
_d354077